Geographers : biobibliographical studies
Αποθηκεύτηκε σε:
| Συγγραφή απο Οργανισμό/Αρχή: | |
|---|---|
| Άλλοι συγγραφείς: | |
| Μορφή: | Βιβλίο |
| Γλώσσα: | English |
| Δημοσίευση: |
London :
Mansell,
c1995-1997
|
| Σειρά: | Studies in the history of geography
|
| Θέματα: | |
| Ετικέτες: |
Προσθήκη ετικέτας
Δεν υπάρχουν, Καταχωρήστε ετικέτα πρώτοι!
|
MARC
| LEADER | 00000nam a2200000 i 4500 | ||
|---|---|---|---|
| 001 | 1/87287 | ||
| 008 | 990722m19951997 eng d | ||
| 020 | |a 0-7201-2285-6 | ||
| 020 | |a 0-7201-2209-0 | ||
| 020 | |a 0-7201-2161-2 | ||
| 035 | |l 10052262 | ||
| 040 | |a GR-MY-UA |b gre |e aacr | ||
| 041 | 0 | |a eng | |
| 082 | 0 | |a 910.922 | |
| 245 | 1 | 0 | |a Geographers : |b biobibliographical studies / |c edited by Geoffrey J. Martin |
| 260 | |a London : |b Mansell, |c c1995-1997 | ||
| 300 | |a 2 τ. | ||
| 490 | 1 | |a Studies in the history of geography | |
| 504 | |a Includes bibliographical references and index | ||
| 650 | 0 | 0 | |a Geography |x Bio-bibliography |x Periodicals. |
| 700 | 1 | |a Martin, Geoffrey J. |4 edt | |
| 710 | 2 | |a International Geographical Union |b Commission on the History of Geographical Thought. | |
| 830 | 0 | |a Studies in the history of geography | |
| 852 | |a INST |b LESVOS |e 19990722 |h 910.922 GEO |p 005100019808 |q 005100019808 |t REF |y 23 |z τ.17 | ||
| 852 | |a INST |b LESVOS |e 19990722 |h 910.922 GEO |p 005100019809 |q 005100019809 |t REF |y 23 |z τ.16 | ||
| 852 | |a INST |b LESVOS |e 19990722 |h 910.922 GEO |p 005100019810 |q 005100019810 |t REF |y 23 |z τ.15 | ||
| 852 | |a INST |b LESVOS |e 19990722 |h 910.922 GEO |p 005100019808 |q 005100019808 |t REF |v τ.17: |y 23 |z τ.17 | ||
| 852 | |a INST |b LESVOS |e 19990722 |h 910.922 GEO |p 005100019809 |q 005100019809 |t REF |v τ.16: |y 23 |z τ.16 | ||
| 852 | |a INST |b LESVOS |e 19990722 |h 910.922 GEO |p 005100019810 |q 005100019810 |t REF |v τ.15: |y 23 |z τ.15 | ||
| 853 | |a INST |b LESVOS |h 910.922 GEO | ||
| 901 | |a BIBL1-1999-2 | ||
| 909 | |a Λ |b 062683 | ||
| 909 | |a Λ |b 062682 | ||
| 909 | |a Λ |b 062681 | ||
| 922 | |a 1ΕΛΗ |b 199812 |c ΚΠΣ/ΤΓ |d LEADER | ||
| 922 | |a 1ΕΛΗ |b 199812 |c ΚΠΣ/ΚΥΒ |d LEADER | ||
| 950 | |a 118-1998-10-19 | ||